000 00406nam a22001697a 4500
003 MPLRDC
005 20220104172230.0
008 210129b ||||| |||| 00| 0 eng d
082 _a049.53 GL 1979
100 _a不详
245 _aTHE NEW BOOK OF KNOWLEDGE ANNUAL
_c
250 _a初版
260 _a
_bGROLIER
_c1978
300 _b
650 _a各国百科全书
942 _cBK
_o049.53 GL 1979
999 _c58838
_d58828